000 00603nam a2200121Ia 4500
008 220620s9999||||xx |||||||||||||| ||und||
245 0 _aInnovative Models for Sustainable Development in Emerging African Countries
546 _aEnglish[eng]
650 _aEnergy||Renewable energy resources||Africa—Economic conditions||Waste management||Environmental policy||Archaeology||Sociology, Urban
700 _aAste, Niccolò||Della Torre, Stefano||Talamo, Cinzia||Adhikari, Rajendra Singh||Rossi, Corinna
856 _uhttps://library.oapen.org/bitstream/20.500.12657/23058/1/1007100.pdf
942 _cEB
999 _c21955
_d21955